| 000 | 00410nam a2200133 i 4500 | ||
|---|---|---|---|
| 001 | bg | ||
| 245 | 0 |
_aObróbka cieplna metali. _nT. 7, _pBadania wyników obróbki cieplnej. Energochłonność procesów obróbki cieplnej / _cT. Burakowski. |
|
| 260 |
_aWarszawa, _c1987. |
||
| 700 | 1 |
_aBurakowski, Tadeusz _d(1934- ). |
|
| 040 | _cBPK | ||
| 041 | _apol | ||
| 942 | _cKS | ||
| 008 | s pl f |000 0 pol | ||
| 999 |
_c5445 _d5445 |
||
| 856 |
_uhttp://koha.tu.koszalin.pl/cgi-bin/koha/opac-detail.pl?biblionumber=5445 _yKatalog online BPK |
||